| 000 | 02294cam a2200313 i 4500 | ||
|---|---|---|---|
| 003 | SA-RiAUC | ||
| 005 | 20241024150629.0 | ||
| 008 | 241023s1996 su g d 00110 ara c | ||
| 040 |
_aIMAM _bara _cSA-RiAUC _erda |
||
| 082 | 0 | 4 | _a212.303 |
| 090 |
_a212.303 _bا ب و ز |
||
| 100 | 1 |
_aأبو زيد، بكر بن عبد الله، _d1365-1429 هجري _eمؤلف. |
|
| 245 | 1 | 0 |
_aمعجم المناهي اللفظية ؛ _bويليه فوائد في الألفاظ / _cبقلم بكر بن عبد الله أبو زيد. |
| 250 | _aالطبعة الثالثة. | ||
| 264 | 1 |
_aالرياض : _bدار العاصمة للنشر والتوزيع، _c1996 |
|
| 300 |
_a780 صفحة ؛ _c25 سم |
||
| 336 |
_aنص _btxt _2rdacontent _3كتاب |
||
| 337 |
_aبدون وسيط _bn _2rdamedia |
||
| 338 |
_aمجلد _bnc _2rdacarrier |
||
| 500 | _aيشتمل على كشافات. | ||
| 650 | 7 |
_aالبدع في الإسلام _vمعاجم _2aucsh |
|
| 650 | 7 |
_aالحلال والحرام _2aucsh |
|
| 740 | 0 | 2 | _aفوائد في الألفاظ. |
| 856 |
_uhttp://saaid.net/Warathah/bkar/b12.pdf _yDigital Copy _2 نرجو الانتباه لإمكانية وجود اختلاف في الطبعة أو الناشر بين البيانات على البوابة وما ستجده على الكتاب نظرا لمحدودية المعلومات المتاحة على الموقع الناشر للمادة. _3Please note that there may be a difference in the edition or publisher between the data on the portal and the book due to the limited information available on the publisher website for the material. |
||
| 856 |
_uhttp://saaid.net/book/open.php?cat=82&book=1464 _yExternal Link _2 نرجو الانتباه لإمكانية وجود اختلاف في الطبعة أو الناشر بين البيانات على البوابة وما ستجده على الكتاب نظرا لمحدودية المعلومات المتاحة على الموقع الناشر للمادة. _3Please note that there may be a difference in the edition or publisher between the data on the portal and the book due to the limited information available on the publisher website for the material. |
||
| 942 |
_2ddc _cBOOK _n0 |
||
| 949 |
_aSA-JeALM _d241023 _umohamedma123 _n1 |
||
| 999 |
_c1690 _d1690 |
||